| 000 | 00392pab a2200157 454500 | ||
|---|---|---|---|
| 008 | 180718b2010 xxu||||| |||| 00| 0 eng d | ||
| 100 | _aGowda, Chandan | ||
| 245 | _aMany Lohias? Appropriations of Lohia in Karnataka | ||
| 260 | _c2010 | ||
| 300 | _ap.78-84. | ||
| 362 | _a2 Oct | ||
| 650 | _aLohia, Rammanohar | ||
| 773 | _aEconomic and Political Weekly | ||
| 908 | _aN | ||
| 909 | _a88024 | ||
| 999 |
_c88024 _d88024 |
||